000 00738nam a2200229 a 4500
001 BRCA_7205
005 20190320205741.0
008 160112s1943----mx-ad#####---#000-0#spa-#
041 _aspa
044 _amx
050 4 _aHB235.M6
_b.B32 1943
100 1 _aBach, Federico
_916729
245 1 0 _aEl nuevo índice de precios al mayoreo en la ciudad de México de la Secretará de la Econimía Nacional
_cuna interpretación de Federico Bach y Margarita Reyna.
260 _aMéxico
_bEl Trimestre Economico
_c1943
300 _a63 p.
_bil., 16 gráficas
_c22 cm.
500 _aP100
650 1 4 _aPrecios
_917852
650 1 4 _aNumeros índices (Economía)
_917853
700 1 _aReyna, Margarita
_917854
902 _aGFM
942 _2lcc
_cB
999 _c6886
_d6886